Gods Without 'Religion' Quiz Stats

Quiz Updated Apr 23, 2015

Also try: Mythological Match
Challenge
Share
Tweet
Embed
Score 0/22 Timer 04:00
37 Plays Today
God without letters God % Correct
JUP_T_ _Jupiter
95.1%
HAD_SHades
94.6%
ATH_ _AAthena
94.1%
APH_ _D_T_Aphrodite
93.8%
M_ _CU_YMercury
92.7%
VU_CA_Vulcan
92.1%
P_UT_Pluto
91.9%
MA_SMars
91.8%
H_ _M_SHermes
89.3%
P_S_ _D_ _Poseidon
89.2%
JU_ _Juno
87.4%
God without letters God % Correct
A_T_M_SArtemis
86.3%
A_ _SAres
85.2%
D_M_T_ _Demeter
82.5%
AP_ _ _ _Apollo
82.4%
H_PHA_STUSHephaestus
82.4%
H_ST_AHestia
81.9%
M_ _ _ _VAMinerva
79.1%
_ _ PTU_ _Neptune
77.4%
D_A_ADiana
69.5%
HYP_ _SHypnos
63%
_ _ _ SEros
39.1%

You're not logged in!

Compare scores with friends on all Sporcle quizzes.
Join for Free
OR
Log In

You Might Also Like...

Show Comments

Extras

Top Quizzes Today


Score Distribution

Your Account Isn't Verified!

In order to create a playlist on Sporcle, you need to verify the email address you used during registration. Go to your Sporcle Settings to finish the process.

Report this User

Report this user for behavior that violates our Community Guidelines.

Details: